| 000 | 01064nam1a22002651 4500 | ||
|---|---|---|---|
| 001 | rc\1190109 | ||
| 005 | 20070321101544.3 | ||
| 035 | _a(NLR Aleph) 005974529 | ||
| 090 |
_a6964819 _c6964819 |
||
| 100 | _a20070321d1997 u |0rusy50 ca | ||
| 101 | 0 | _arus | |
| 102 | _aRU | ||
| 105 | _ay ||||||||| | ||
| 200 | 1 |
_aГРАЖДАНОВЕДЕНИЕ _e[Сб.] _fУпр. образования администрации г. Орла и др. _gНауч. ред. А.И. Уман |
|
| 210 |
_aОрел _cИзд-во Социал.-образоват. центра _d1997 |
||
| 215 | _d20 | ||
| 225 | 1 | _aСерия "Эксперимент в школе" | |
| 300 | _aВ надзаг. также: Орл. высш. шк. МВД РФ, Отд. гражд.-правового образования | ||
| 702 | 1 |
_aУман _bА. И. _gАркадий Ильич _4340 |
|
| 712 | 0 | 2 |
_aОрловское гор. упр. образования _3RU\NLR\AUTH\889963195 |
| 801 | 0 |
_aRU _bNLR _gpsbo |
|
| 801 | 1 |
_aRU _bELAR _2rusmarc |
|
| 852 |
_aNLR _j97-3/8281 |
||
| 942 | _cBOOK | ||
| 980 | _aNB | ||